Capital cities to countries - HARD - Statistics

General Stats
  • This quiz has been taken 42 times
  • The average score is 16 of 20
Answer Stats
Capital Country % Correct
Asunción Paraguay
97%
Bandar Seri Begawan Brunei
95%
Chișinău Moldova
92%
Belmopan Belize
90%
Tegucigalpa Honduras
90%
Suva Fiji
87%
Castries St. Lucia
85%
Funafuti Tuvalu
85%
Thimphu Bhutan
82%
Lilongwe Malawi
79%
Naypyidaw Myanmar
79%
Port Vila Vanuatu
77%
Bridgetown Barbados
74%
Conakry Guinea
74%
Tarawa Kiribati
72%
Yaren Nauru
72%
Ngerulmud Palau
72%
Mbabane Eswatini
69%
Nouakchott Mauritania
69%
Ciudad de la Paz Equatorial Guinea
46%
No matching quizzes found
Score Distribution
Percent of People with Each Score
Percentile by Number Answered
Your Score History
You have not taken this quiz